<?xml version="1.0" encoding="UTF-8"?><?xml-stylesheet type="text/xsl" href="static/style.xsl"?><OAI-PMH xmlns="http://www.openarchives.org/OAI/2.0/" xmlns:xsi="http://www.w3.org/2001/XMLSchema-instance" xsi:schemaLocation="http://www.openarchives.org/OAI/2.0/ http://www.openarchives.org/OAI/2.0/OAI-PMH.xsd"><responseDate>2026-04-13T07:33:07Z</responseDate><request verb="GetRecord" identifier="oai:www.recercat.cat:10230/69549" metadataPrefix="marc">https://recercat.cat/oai/request</request><GetRecord><record><header><identifier>oai:recercat.cat:10230/69549</identifier><datestamp>2025-12-22T20:20:46Z</datestamp><setSpec>com_2072_6</setSpec><setSpec>col_2072_452954</setSpec></header><metadata><record xmlns="http://www.loc.gov/MARC21/slim" xmlns:dcterms="http://purl.org/dc/terms/" xmlns:xsi="http://www.w3.org/2001/XMLSchema-instance" xmlns:doc="http://www.lyncode.com/xoai" xsi:schemaLocation="http://www.loc.gov/MARC21/slim http://www.loc.gov/standards/marcxml/schema/MARC21slim.xsd">
   <leader>00925njm 22002777a 4500</leader>
   <datafield ind2=" " ind1=" " tag="042">
      <subfield code="a">dc</subfield>
   </datafield>
   <datafield ind2=" " ind1=" " tag="720">
      <subfield code="a">Hernández Arrieta, Stefany</subfield>
      <subfield code="e">author</subfield>
   </datafield>
   <datafield ind2=" " ind1=" " tag="260">
      <subfield code="c">2025-02-11T12:18:06Z</subfield>
   </datafield>
   <datafield ind2=" " ind1=" " tag="260">
      <subfield code="c">2025-02-11T12:18:06Z</subfield>
   </datafield>
   <datafield ind2=" " ind1=" " tag="260">
      <subfield code="c">2023</subfield>
   </datafield>
   <datafield ind2=" " ind1=" " tag="520">
      <subfield code="a">Màster en Comunicació Científica, Mèdica i Ambiental (UPF Barcelona School of Management). Curs 2022-2023</subfield>
   </datafield>
   <datafield ind2=" " ind1=" " tag="520">
      <subfield code="a">Tutora: Laura Carrau</subfield>
   </datafield>
   <datafield ind2=" " ind1=" " tag="520">
      <subfield code="a">Dentro de los públicos objetivo que se identifican fácilmente para la creación de un producto de comunicación científica, identificamos a los tomadores de decisiones, entre pares científicos y público no especializado. Sin embargo, los productos pensados para este último grupo, suelen excluir a las minorías tales como discapacidades físicas y cognitivas, diversidades culturales e identidades de género en productos que se consideran generalistas. En el siguiente Trabajo Final de Máster, se presenta una propuesta pensada inicialmente para público sordo adolescente y joven, en el que se narran historias de científicos en Lengua de Signos Española, en formato digital y audiovisual para inspirar y seducir a las nuevas generaciones sordas en el mundo científico.</subfield>
   </datafield>
   <datafield ind2=" " ind1=" " tag="520">
      <subfield code="a">Within the target audiences that are easily identified for the creation of a scientific communication product, we identify decision-makers, scientific peers, and the general public. However, products intended for the latter group often exclude minorities such as individuals with physical and cognitive disabilities, cultural diversities, and gender identities in products that are considered mainstream. In the following Master&amp;apos;s Final Project, a proposal is presented initially designed for deaf adolescents and young people, featuring stories of scientists in Spanish Sign Language, in digital and audiovisual format, aiming to inspire and engage the new deaf generations in the scientific world.</subfield>
   </datafield>
   <datafield tag="653" ind2=" " ind1=" ">
      <subfield code="a">Treball de fi de màster - curs 2022-2023</subfield>
   </datafield>
   <datafield tag="653" ind2=" " ind1=" ">
      <subfield code="a">Divulgación científica</subfield>
   </datafield>
   <datafield tag="653" ind2=" " ind1=" ">
      <subfield code="a">Historias</subfield>
   </datafield>
   <datafield tag="653" ind2=" " ind1=" ">
      <subfield code="a">Lengua de signos española</subfield>
   </datafield>
   <datafield tag="653" ind2=" " ind1=" ">
      <subfield code="a">Público sordo</subfield>
   </datafield>
   <datafield tag="653" ind2=" " ind1=" ">
      <subfield code="a">Science communication</subfield>
   </datafield>
   <datafield tag="653" ind2=" " ind1=" ">
      <subfield code="a">Stories</subfield>
   </datafield>
   <datafield tag="653" ind2=" " ind1=" ">
      <subfield code="a">Spanish sign language</subfield>
   </datafield>
   <datafield tag="653" ind2=" " ind1=" ">
      <subfield code="a">Deaf audience</subfield>
   </datafield>
   <datafield ind2="0" ind1="0" tag="245">
      <subfield code="a">Cientidos: ciencia para los sentidos: narrativas creativas científicas para público sordo</subfield>
   </datafield>
</record></metadata></record></GetRecord></OAI-PMH>